Marketing handbook (Record no. 23869)

MARC details
000 -LEADER
fixed length control field 00255nam a2200109Ia 4500
082 ## - DEWEY DECIMAL CLASSIFICATION NUMBER
Classification number 658.8(035)
Item number STA
245 #0 - TITLE STATEMENT
Title Marketing handbook
260 ## - PUBLICATION, DISTRIBUTION, ETC. (IMPRINT)
Name of publisher Grower
Year of publication 1974
700 ## - ADDED ENTRY--PERSONAL NAME
Personal name Stapleton, John
942 ## - ADDED ENTRY ELEMENTS (KOHA)
Koha item type Books
Holdings
Withdrawn status Lost status Damaged status Not for loan Home library Current library Date acquired Cost, normal purchase price Full call number Accession Number Koha item type
        RRII Library RRII Library 16/12/2021 148.52 658.8(035) STA 04563 Books